header

Historical romance fiction (Record no. 138388)

MARC details
000 -LEADER
fixed length control field 01386nam a2200337Ia 4500
100 1# - MAIN ENTRY--AUTHOR NAME
Personal name Fletcher, Lisa.
245 10 - TITLE STATEMENT
Title Historical romance fiction
260 ## - PUBLICATION, DISTRIBUTION, ETC. (IMPRINT)
Place of publication Aldershot, England ;
-- Burlington, VT :
Name of publisher Ashgate,
Year of publication c2008.
300 ## - PHYSICAL DESCRIPTION
Number of Pages viii, 177 p.
650 #0 - SUBJECT ADDED ENTRY--TOPICAL TERM
Topical Term Heterosexuality in literature.
Topical Term Historical fiction, English
Topical Term Love stories, English
Topical Term Speech in literature.
856 40 - ELECTRONIC LOCATION AND ACCESS
Uniform Resource Identifier http://site.ebrary.com/lib/rucke/Doc?id=10449666

No items available.

© 2026 Rongo University
Contact us: librarian | system librarian | Rongo university